| 000 | 01574nam0a2200337 4500 | ||
|---|---|---|---|
| 001 | RU\NLR\bibl\1679186 | ||
| 005 | 20250616050903.0 | ||
| 010 |
_a5-8399-0134-2 _d312 р. 58 к. _91000 |
||
| 021 |
_aRU _b2010-63727 _94181 |
||
| 035 | _a(nilc)EL/0000257926 | ||
| 035 | _a(NLR Aleph) 001670400 | ||
| 090 |
_a1037758 _c1037758 |
||
| 100 | _a20090406d2005 |||y0rusy50 ca | ||
| 101 | 0 | _arus | |
| 102 | _aRU | ||
| 105 | _ay z ||||| | ||
| 200 | 1 |
_aУголовная ответственность за нецелевое расходование бюджетных средств и средств государственных внебюджетных фондов _fР. Р. Фазылов _gМ-во образования и науки Рос. Федерации, Ин-т экон., упр. и права (г. Казань) |
|
| 210 |
_aКазань _cТаглимат _d2005 |
||
| 215 |
_a108 с. _d20 |
||
| 320 | _aБиблиогр. в подстроч. примеч. | ||
| 606 | 1 |
_aГосударственный бюджет _xНецелевое расходование _xУголовная ответственность _yРоссийская Федерация _92479418 _3RU\NLR\auth\661471981 |
|
| 686 |
_a67.408(2) _vLBC/PL _2rubbk |
||
| 686 | _aХ628.111.7 | ||
| 700 | 1 |
_aФазылов _bР. Р. _gРинат Рафаэлевич _4070 |
|
| 801 | 0 |
_aRU _bНБР Саха _c20090406 _grcr |
|
| 801 | 1 |
_aRU _bНБР Саха _c20090406 _2rusmarc |
|
| 801 | 2 |
_aRU _bNLR _c20100929 _grcr |
|
| 830 | _aавт. по кн. | ||
| 942 | _cBOOK | ||
| 980 | _aNB | ||